000 00583nam a22002057a 4500
003 koha_MIRAKIL
005 20250416135336.0
008 250416b tur||||| |||| 00| 0 tur d
020 _a9786051920054
040 _aTR-IsEVY
_btur
_cTR-IsEVY
041 _atur
082 _aFIC SCH/T
100 _aScheffler, Axel
245 0 _aTavşancan ile Faresu:
_bsüper oyuncak /
_cAxel Scheffler.
250 _a49. bs.
260 _bHep Kitap,
_c2023.
_aİstanbul :
300 _a28 s. :
_brenkli resimli ;
_c22 cm.
650 _aÇocuk Edebiyatı.
_vResimli Kitaplar.
942 _2ddc
_cBK
999 _c21839
_d21839